| 000 | 00740nam a2200229 u 4500 | ||
|---|---|---|---|
| 005 | 20250611063901.0 | ||
| 008 | 120817s2011 es r 000 0 spa d | ||
| 020 | _a9788492696680 | ||
| 035 | _aUPN01000186252 | ||
| 049 | _aCG | ||
| 050 | 4 |
_aPT2625 A8.8 _bN5.8 |
|
| 100 | 1 |
_aHassenmüller, Heidi, _d1941- _932620 |
|
| 245 | 1 | 0 |
_aNi un ángel a la vista / _cHeidi Hassenmüller ; tr. Carme Gala. |
| 260 |
_aBarcelona, Esp. : _bTakatuka, _c2011. |
||
| 300 | _a180 p. | ||
| 534 |
_pTraducción de: _tKein engel weit und breit |
||
| 650 | 0 |
_aNovela alemana _vTraducciones al español _916432 |
|
| 650 | 4 |
_aAcoso en las escuelas _91650 |
|
| 650 | 4 |
_aMujeres adolescentes _vLiteratura juvenil _914804 |
|
| 905 | _aLibro | ||
| 999 |
_c158355 _d158355 |
||